MARC

LEADER 00000nam0a2200000 4500
001 61270
005 20231031062452.0
035 |a (RuTPU)RU\TPU\book\64851 
090 |a 61270 
100 |a 20040310d1961 km y0rusy50 ca 
101 0 |a rus 
102 |a RU  |a UA 
105 |a a z 001zy 
200 1 |a Переменный режим работы газотурбинных установок  |f И. В. Котляр  |g Под ред. Я. И. Шнеэ 
210 |a Москва  |c Машгиз  |d 1961  |a Киев 
215 |a 230 с.  |e черт.  |e 2 л.диагр. 
320 |a Библиогр.: с. 226-227. 
610 1 |a газотурбинные установки 
610 1 |a режимы работы 
610 1 |a расчет 
610 1 |a исследования 
610 1 |a компрессоры 
610 1 |a теплообменные аппараты 
610 1 |a турбины 
610 1 |a камеры сгорания 
675 |a 621.438  |v 3 
700 1 |a Котляр  |b И. В.  |g Иосиф Вениаминович 
702 1 |a Шнеэ  |b Я. И.  |4 340 
801 1 |a RU  |b 63413507  |c 20040310  |g PSBO 
801 2 |a RU  |b 63413507  |c 20210621  |g PSBO 
942 |c BK